[Event "POL-chT 51st"]
[Site "Lubniewice"]
[Date "1995.09.??"]
[Round "9"]
[White "Ciemniak, Robert"]
[Black "Matlak, Marek"]
[Result "1/2-1/2"]
[WhiteElo "2395"]
[BlackElo "2435"]
[PlyCount "38"]
[EventDate "1995.09.14"]
[EventType "team-tourn"]
[EventRounds "11"]
[EventCountry "POL"]
[SourceTitle "EXT 2019"]
[Source "ChessBase"]
[SourceDate "2018.10.10"]
[SourceVersion "1"]
[SourceVersionDate "2018.10.10"]
[SourceQuality "1"]
[WhiteTeam "Zabrze Gornik"]
[BlackTeam "Bielsko-Biala Wlokniarz"]
[WhiteTeamCountry "POL"]
[BlackTeamCountry "POL"]

1. e4 e6 2. d4 d5 3. Nc3 Bb4 4. e5 c5 5. a3 Bxc3+ 6. bxc3 Qc7 7. Nf3 b6 8. Bd3 Ba6 9. 0-0 Bxd3 10. cxd3 Ne7 11. a4 0-0 12. Ba3 Nd7 13. Rc1 Rfe8 14. c4 Qb7 15. dxc5 bxc5 16. d4 cxd4 17. Bxe7 Rxe7 18. Qxd4 dxc4 19. Rxc4 Nf8 1/2-1/2

[Event "Dortmund op"]
[Site "Dortmund"]
[Date "1995.??.??"]
[Round "3"]
[White "Ciemniak, Robert"]
[Black "Opalka, Guido"]
[Result "1-0"]
[WhiteElo "2395"]
[BlackElo "2075"]
[PlyCount "67"]
[EventDate "1995.07.??"]
[EventType "swiss"]
[EventRounds "9"]
[EventCountry "GER"]
[SourceTitle "CBM 048 Extra"]
[Source "ChessBase"]
[SourceDate "1995.11.01"]
[SourceVersion "1"]
[SourceVersionDate "1995.11.01"]
[SourceQuality "1"]

1. e4 d6 2. d4 Nf6 3. Nc3 g6 4. f4 Bg7 5. Nf3 c5 6. Bb5+ Bd7 7. Bxd7+ Nbxd7 8. e5 Nh5 9. exd6 0-0 10. 0-0 exd6 11. Be3 Re8 12. Qd2 Nb6 13. b3 Qf6 14. Rad1 cxd4 15. Bxd4 Qxf4 16. Qxf4 Nxf4 17. Bxg7 Kxg7 18. Ng5 h6 19. Nxf7 Ne2+ 20. Nxe2 Rxe2 21. Nxd6 Rxc2 22. Rde1 Nd5 23. Re5 Rd2 24. Ne8+ Rxe8 25. Rxe8 Rxa2 26. Rd1 Nf6 27. Rb8 g5 28. Rxb7+ Kg6 29. Re1 Nh5 30. g3 Nf6 31. Re5 Ng4 32. Re6+ Kh5 33. h3 Nh2 34. Rf6 1-0

[Event "POL-ch U20"]
[Site "Nadole"]
[Date "1995.??.??"]
[Round "?"]
[White "Ciemniak, Robert"]
[Black "Pinski, Jan"]
[Result "1-0"]
[WhiteElo "2395"]
[BlackElo "2275"]
[PlyCount "73"]
[EventDate "1995.??.??"]
[EventType "tourn"]
[EventRounds "11"]
[EventCountry "POL"]
[SourceTitle "EXT 2004"]
[Source "ChessBase"]
[SourceDate "2003.11.25"]
[SourceVersion "1"]
[SourceVersionDate "2003.11.25"]
[SourceQuality "1"]

1. e4 c5 2. Nc3 Nc6 3. Nge2 e5 4. Nd5 Nce7 5. Ne3 Nf6 6. Nc3 a6 7. a4 d5 8. exd5 Nexd5 9. Ncxd5 Nxd5 10. Qh5 Be6 11. Qxe5 Be7 12. c3 0-0 13. Qe4 Qd7 14. Bc4 Nxe3 15. dxe3 Rad8 16. 0-0 Bf5 17. Qf3 Bg4 18. Qg3 Bd6 19. f4 Be6 20. Bxe6 Qxe6 21. Qf3 f5 22. Qxb7 Be7 23. a5 c4 24. Re1 Bc5 25. Kh1 Rd7 26. Qf3 Rd3 27. h3 Rfd8 28. Kh2 Kh8 29. Ra4 Kg8 30. Qe2 Re8 31. b3 Bxe3 32. Bxe3 Rxc3 33. Bd4 Rxh3+ 34. gxh3 Qxe2+ 35. Rxe2 Rxe2+ 36. Kg3 c3 37. Rc4 1-0

[Event "Dortmund op"]
[Site "Dortmund"]
[Date "1995.??.??"]
[Round "1"]
[White "Ciemniak, Robert"]
[Black "Wegener, Olaf"]
[Result "1/2-1/2"]
[WhiteElo "2395"]
[BlackElo "1870"]
[PlyCount "141"]
[EventDate "1995.07.??"]
[EventType "swiss"]
[EventRounds "9"]
[EventCountry "GER"]
[SourceTitle "CBM 048 Extra"]
[Source "ChessBase"]
[SourceDate "1995.11.01"]
[SourceVersion "1"]
[SourceVersionDate "1995.11.01"]
[SourceQuality "1"]

1. e4 e6 2. d4 d5 3. Nc3 Bb4 4. exd5 exd5 5. Bd3 Nc6 6. a3 Be7 7. Be3 Nf6 8. h3 a6 9. Qf3 h6 10. Nge2 Be6 11. Nf4 0-0 12. 0-0 Qd7 13. Rfe1 Na7 14. Nce2 Nc8 15. Ng3 Nd6 16. Bd2 Rae8 17. Nxe6 fxe6 18. Qe2 Bd8 19. Bg6 Re7 20. Bb4 c6 21. a4 a5 22. Ba3 b6 23. Rad1 Kh8 24. Rd3 Bc7 25. Re3 Ng8 26. Rxe6 Rxe6 27. Qxe6 Qxe6 28. Rxe6 Rf6 29. Rxf6 Nxf6 30. b3 b5 31. Nf5 Nfe4 32. Nxd6 Bxd6 33. Bxd6 Nxd6 34. Kf1 Kg8 35. g4 Kf8 36. h4 Ke7 37. f4 Kf6 38. h5 Ke7 39. c3 Kf6 40. Ke2 Ke7 41. Kf3 bxa4 42. bxa4 Nc8 43. Bc2 Nb6 44. Bb3 Kf6 45. Kg3 Ke6 46. g5 Kf5 47. Bc2+ Ke6 48. Kg4 Nc4 49. f5+ Kf7 50. Bb3 Nd2 51. gxh6 gxh6 52. Ba2 Kf6 53. Kf4 Ne4 54. c4 Nc3 55. Bb3 dxc4 56. Bxc4 Nxa4 57. Be6 Nb6 58. Ke3 Nd5+ 59. Kd2 Ne7 60. Bd7 Nxf5 61. Kc3 Ng7 62. Bxc6 Nxh5 63. Kc4 Nf4 64. Bf3 Ke7 65. Kb5 Ne6 66. Kxa5 Nxd4 67. Bd1 Kf6 68. Kb6 Kg5 69. Kc5 Ne6+ 70. Kd6 Nf4 71. Ke5 1/2-1/2

[Event "Dortmund op"]
[Site "Dortmund"]
[Date "1995.??.??"]
[Round "8"]
[White "Mainka, Gregor"]
[Black "Ciemniak, Robert"]
[Result "1-0"]
[WhiteElo "2335"]
[BlackElo "2395"]
[PlyCount "119"]
[EventDate "1995.07.??"]
[EventType "swiss"]
[EventRounds "9"]
[EventCountry "GER"]
[SourceTitle "CBM 048 Extra"]
[Source "ChessBase"]
[SourceDate "1995.11.01"]
[SourceVersion "1"]
[SourceVersionDate "1995.11.01"]
[SourceQuality "1"]

1. d4 Nf6 2. Nf3 c5 3. d5 g6 4. Nc3 Bg7 5. e4 0-0 6. a4 d6 7. Be2 Na6 8. 0-0 Nb4 9. Bf4 Nh5 10. Be3 b6 11. Nd2 Nf6 12. Nc4 e6 13. Bf4 exd5 14. exd5 Bf5 15. Ne3 Re8 16. Nxf5 gxf5 17. Bg5 h6 18. Bh4 a6 19. Bf3 Rc8 20. Nb1 c4 21. Qd2 a5 22. Nc3 Ne4 23. Bxe4 Qxh4 24. Bxf5 Rc5 25. Rfe1 Re5 26. g3 Qd4 27. Qxd4 Rxe1+ 28. Rxe1 Bxd4 29. Nb5 Rxb5 30. axb5 Bxb2 31. c3 Nxd5 32. Rd1 Nxc3 33. Rxd6 Ne2+ 34. Kf1 Nd4 35. Bb1 a4 36. Rxb6 c3 37. Ra6 a3 38. b6 c2 39. Bxc2 Nxc2 40. b7 Be5 41. Ke2 Kg7 42. Kd2 Nb4 43. Rxa3 Nc6 44. Kd3 Nb8 45. Ke4 Kf6 46. Kd5 Bc7 47. Rc3 Bb6 48. Rc8 Ba7 49. f4 h5 50. Rh8 Kg6 51. Kd6 f6 52. h3 h4 53. Rxh4 Kg7 54. Rh5 Bf2 55. g4 Kg6 56. Rf5 Bb6 57. h4 Bf2 58. h5+ Kg7 59. Kc7 Na6+ 60. Kc8 1-0

[Event "Dortmund op"]
[Site "Dortmund"]
[Date "1995.??.??"]
[Round "9"]
[White "Mikhalchishin, Adrian"]
[Black "Ciemniak, Robert"]
[Result "1/2-1/2"]
[WhiteElo "2505"]
[BlackElo "2395"]
[PlyCount "136"]
[EventDate "1995.07.??"]
[EventType "swiss"]
[EventRounds "9"]
[EventCountry "GER"]
[SourceTitle "CBM 048 Extra"]
[Source "ChessBase"]
[SourceDate "1995.11.01"]
[SourceVersion "1"]
[SourceVersionDate "1995.11.01"]
[SourceQuality "1"]

1. Nf3 Nf6 2. c4 c5 3. Nc3 Nc6 4. e3 g6 5. d4 cxd4 6. exd4 d5 7. cxd5 Nxd5 8. Qb3 Nxc3 9. Bc4 Nd5 10. Bxd5 e6 11. Bxc6+ bxc6 12. 0-0 Bg7 13. Be3 0-0 14. Rfc1 Qd6 15. Rc5 Rb8 16. Qc3 Rxb2 17. Bf4 Qe7 18. Rxc6 Qb7 19. Rc1 Rb1 20. Rc7 Rxc1+ 21. Bxc1 Qa6 22. Ba3 Rd8 23. Be7 Re8 24. h4 Bb7 25. Ne5 Bd5 26. Nxf7 Qe2 27. Ne5 Bh6 28. Bg5 Rf8 29. f3 Bg7 30. Qd2 Qxd2 31. Bxd2 a6 32. a3 Rb8 33. Bb4 Bxe5 34. dxe5 Rb5 35. Kf2 a5 36. Bd6 Rb2+ 37. Kg3 h6 38. Rc8+ Kf7 39. Rc7+ Kg8 40. Rc8+ Kg7 41. Re8 Kf7 42. Re7+ Kg8 43. Ra7 Bc4 44. Rxa5 Bf1 45. Ra8+ Kf7 46. Ra7+ Kg8 47. Ra8+ Kf7 48. Ra7+ Kg8 49. a4 Rxg2+ 50. Kf4 Ra2 51. Ke3 Bc4 52. Be7 Bb3 53. a5 Ra4 54. Bf6 Bd5 55. Rg7+ Kf8 56. Rxg6 Rxa5 57. Rxh6 Ra3+ 58. Kd4 Bxf3 59. h5 Bg4 60. Rh8+ Kf7 61. Rh7+ Kf8 62. h6 Rh3 63. Ra7 Bf5 64. Bg7+ Ke8 65. Kc5 Rc3+ 66. Kb4 Rh3 67. Rc7 Be4 68. Rc8+ Kd7 1/2-1/2

[Event "Gausdal Int"]
[Site "Gausdal"]
[Date "1994.??.??"]
[Round "1"]
[White "Berg, Anders Hoyer"]
[Black "Ciemniak, Robert"]
[Result "0-1"]
[WhiteElo "2045"]
[BlackElo "2435"]
[PlyCount "82"]
[EventDate "1994.07.??"]
[EventType "swiss"]
[EventRounds "9"]
[EventCountry "NOR"]
[SourceTitle "EXT 1997"]
[Source "ChessBase"]
[SourceDate "1996.11.15"]
[SourceVersion "1"]
[SourceVersionDate "1996.11.15"]
[SourceQuality "1"]

1. e4 d6 2. d4 Nf6 3. Nc3 c6 4. f4 Qa5 5. Bd3 e5 6. dxe5 dxe5 7. fxe5 Ng4 8. Nf3 Nxe5 9. Nxe5 Qxe5 10. 0-0 Bd6 11. Bf4 Qd4+ 12. Kh1 Bxf4 13. Rxf4 Be6 14. Qh5 Nd7 15. Raf1 Qe5 16. Qe2 Qc5 17. Qf2 Qxf2 18. R4xf2 Ne5 19. h3 Ke7 20. Rd1 b5 21. Rfd2 h5 22. Kg1 h4 23. Kf2 g5 24. Be2 Rag8 25. Rh1 Rg6 26. Nd1 Rhh6 27. Ne3 Rf6+ 28. Ke1 Rf4 29. Bd3 Rhf6 30. b3 a6 31. a4 bxa4 32. bxa4 c5 33. Bxa6 Rxe4 34. Re2 Rxa4 35. Bd3 Ra1+ 36. Nd1 Nxd3+ 37. cxd3 Kd6 38. Kd2 Rf4 39. Nf2 Rxh1 40. Nxh1 Bd5 41. Ke1 Ra4 0-1

[Event "Gausdal Int"]
[Site "Gausdal"]
[Date "1994.??.??"]
[Round "2"]
[White "Ciemniak, Robert"]
[Black "Davies, Nigel Rodney"]
[Result "0-1"]
[WhiteElo "2435"]
[BlackElo "2510"]
[PlyCount "97"]
[EventDate "1994.07.??"]
[EventType "swiss"]
[EventRounds "9"]
[EventCountry "NOR"]
[SourceTitle "EXT 1997"]
[Source "ChessBase"]
[SourceDate "1996.11.15"]
[SourceVersion "1"]
[SourceVersionDate "1996.11.15"]
[SourceQuality "1"]

1. e4 e5 2. Nf3 Nc6 3. Bb5 a6 4. Ba4 Nf6 5. 0-0 Be7 6. Re1 b5 7. Bb3 d6 8. c3 0-0 9. h3 Na5 10. Bc2 c5 11. d4 cxd4 12. cxd4 Bb7 13. d5 Nc4 14. a4 bxa4 15. Rxa4 Qc7 16. Bd3 Nb6 17. Ra3 Nfd7 18. Nc3 Rfb8 19. Be3 Nc4 20. Bxc4 Qxc4 21. Nd2 Qc7 22. Na4 f5 23. Rc3 Qd8 24. Nc4 Bc8 25. exf5 Rb5 26. Rd3 Rab8 27. Na3 Rb4 28. Bd2 Rxa4 29. Qxa4 Nc5 30. Qc4 Rxb2 31. Rd1 Nxd3 32. Qxd3 Qd7 33. g4 Qa4 34. Rc1 Bb7 35. f6 gxf6 36. Nc4 Rb3 37. Qf5 Bxd5 38. Ne3 Qe4 39. Nxd5 Qxd5 40. Rc8+ Kg7 41. Qd7 Rb7 42. Qe8 Qxd2 43. Qg8+ Kh6 44. h4 Qe1+ 45. Kg2 Qe4+ 46. Kg3 Qf4+ 47. Kg2 Rb2 48. g5+ fxg5 49. Qe6+ 0-1

[Event "POL-chT 50th"]
[Site "Lubniewice"]
[Date "1994.??.??"]
[Round "5"]
[White "Ciemniak, Robert"]
[Black "Gralka, Julian"]
[Result "1/2-1/2"]
[WhiteElo "2435"]
[BlackElo "2290"]
[PlyCount "45"]
[EventDate "1994.09.22"]
[EventType "team-tourn"]
[EventRounds "11"]
[EventCountry "POL"]
[SourceTitle "EXT 2019"]
[Source "ChessBase"]
[SourceDate "2018.10.10"]
[SourceVersion "1"]
[SourceVersionDate "2018.10.10"]
[SourceQuality "1"]
[WhiteTeam "Zabrze Gornik"]
[BlackTeam "Bydgoszcz Chemik"]
[WhiteTeamCountry "POL"]
[BlackTeamCountry "POL"]

1. e4 c5 2. Nf3 d6 3. d4 cxd4 4. Nxd4 Nf6 5. Nc3 a6 6. Be3 e5 7. Nb3 Be6 8. f3 Nbd7 9. g4 Be7 10. Qd2 b5 11. g5 Nh5 12. 0-0-0 0-0 13. Nd5 Bxd5 14. exd5 f5 15. gxf6 Rxf6 16. Na5 Nf4 17. Rg1 Qf8 18. Nc6 Bd8 19. Qf2 Qf7 20. Rg3 Rh6 21. Qg1 Bh4 22. Rg4 Nf6 23. Bxf4 1/2-1/2

[Event "POL-ch sf"]
[Site "Nadole"]
[Date "1994.??.??"]
[Round "1"]
[White "Ciemniak, Robert"]
[Black "Kuma, Boguslaw"]
[Result "1/2-1/2"]
[WhiteElo "2435"]
[BlackElo "2215"]
[PlyCount "93"]
[EventDate "1994.??.??"]
[EventType "swiss"]
[EventRounds "11"]
[EventCountry "POL"]
[SourceTitle "EXT 2001"]
[Source "ChessBase"]
[SourceDate "2000.11.22"]
[SourceVersion "1"]
[SourceVersionDate "2000.11.22"]
[SourceQuality "1"]

1. e4 c5 2. Nf3 Nc6 3. d4 cxd4 4. Nxd4 Nf6 5. Nc3 e5 6. Ndb5 d6 7. Bg5 a6 8. Na3 b5 9. Nd5 Be7 10. Bxf6 Bxf6 11. c3 Ne7 12. Nxf6+ gxf6 13. Bd3 f5 14. Qe2 Bb7 15. 0-0-0 Rc8 16. Kb1 fxe4 17. Bxe4 Bxe4+ 18. Qxe4 Qb6 19. f4 f5 20. Qe2 Ng6 21. Qh5 0-0 22. fxe5 Nxe5 23. Qg5+ Kh8 24. Qh6 b4 25. cxb4 Qxb4 26. Qxd6 Qe4+ 27. Ka1 Rcd8 28. Qxa6 Rxd1+ 29. Rxd1 Qxg2 30. Qd6 Qg7 31. Re1 Nf3 32. Rf1 Ne5 33. Re1 Ng6 34. Nc4 f4 35. a3 f3 36. Rf1 Qf6 37. Qxf6+ Rxf6 38. Rf2 Rf4 39. b3 Nh4 40. Nd2 Rg4 41. Kb2 Rg2 42. Ne4 Nf5 43. Kc3 Nd6 44. Rxf3 Nxe4+ 45. Kd4 Nd2 46. Rh3 Nxb3+ 47. Rxb3 1/2-1/2

[Event "POL-chT 50th"]
[Site "Lubniewice"]
[Date "1994.??.??"]
[Round "8"]
[White "Ciemniak, Robert"]
[Black "Pieniazek, Artur"]
[Result "0-1"]
[WhiteElo "2435"]
[BlackElo "2420"]
[PlyCount "68"]
[EventDate "1994.09.22"]
[EventType "team-tourn"]
[EventRounds "11"]
[EventCountry "POL"]
[SourceTitle "EXT 2019"]
[Source "ChessBase"]
[SourceDate "2018.10.10"]
[SourceVersion "1"]
[SourceVersionDate "2018.10.10"]
[SourceQuality "1"]
[WhiteTeam "Zabrze Gornik"]
[BlackTeam "Glogow MOK Chrobry"]
[WhiteTeamCountry "POL"]
[BlackTeamCountry "POL"]

1. e4 c5 2. Nf3 e6 3. d4 cxd4 4. Nxd4 Nf6 5. Nc3 d6 6. Be3 a6 7. Be2 Be7 8. f4 0-0 9. 0-0 Qc7 10. g4 Re8 11. g5 Nfd7 12. Bg4 Bf8 13. f5 Ne5 14. Bh3 Nbc6 15. fxe6 fxe6 16. Qe2 Bd7 17. Rf2 Nxd4 18. Bxd4 Be7 19. Qh5 g6 20. Qh4 Rf8 21. Raf1 Rxf2 22. Rxf2 Rf8 23. Rxf8+ Bxf8 24. Qg3 Bg7 25. Bg2 b5 26. a3 a5 27. Qf2 Qc4 28. Bb6 b4 29. axb4 Qxb4 30. h3 Qxb2 31. Bd4 Qc1+ 32. Kh2 Qxg5 33. Qg1 Qf6 34. Qe1 Qf4+ 0-1

[Event "POL-chT 50th"]
[Site "Lubniewice"]
[Date "1994.??.??"]
[Round "1"]
[White "Ciemniak, Robert"]
[Black "Urban, Klaudiusz"]
[Result "1-0"]
[WhiteElo "2435"]
[BlackElo "2435"]
[PlyCount "109"]
[EventDate "1994.09.22"]
[EventType "team-tourn"]
[EventRounds "11"]
[EventCountry "POL"]
[SourceTitle "EXT 2019"]
[Source "ChessBase"]
[SourceDate "2018.10.10"]
[SourceVersion "1"]
[SourceVersionDate "2018.10.10"]
[SourceQuality "1"]
[WhiteTeam "Zabrze Gornik"]
[BlackTeam "Poznan Pocztowiec"]
[WhiteTeamCountry "POL"]
[BlackTeamCountry "POL"]

1. e4 g6 2. d4 Bg7 3. Nc3 d6 4. f4 Nf6 5. Nf3 0-0 6. Be2 c5 7. dxc5 Qa5 8. 0-0 Qxc5+ 9. Kh1 Nc6 10. Bd3 Bg4 11. Qe1 Rfc8 12. Be3 Qa5 13. a3 Bxf3 14. Rxf3 a6 15. h3 Qc7 16. Bg1 e6 17. Ne2 Nd7 18. c3 Na5 19. Rd1 b5 20. Be3 Rab8 21. Bc2 Nf6 22. Bc1 Nc6 23. Qh4 d5 24. exd5 Nxd5 25. f5 Ne5 26. Rf2 gxf5 27. Bxf5 Ng6 28. Bxg6 hxg6 29. Rdf1 Rf8 30. Bh6 Bxh6 31. Qxh6 Qe5 32. Nd4 Qg7 33. Qh4 Rbc8 34. Qe4 Rc4 35. Qe2 Nc7 36. Kg1 Rc5 37. Rf6 e5 38. Nc6 Nd5 39. Rd6 Nf4 40. Qe3 Rc4 41. Nxe5 Re8 42. Rxf4 Rxf4 43. Qxf4 Qxe5 44. Qxe5 Rxe5 45. Rxa6 Re2 46. b4 Rc2 47. Rc6 Ra2 48. Rc5 Rxa3 49. Kh2 Kg7 50. Kg3 Kh6 51. Kf3 f5 52. g4 Kg5 53. gxf5 gxf5 54. h4+ Kg6 55. Kf4 1-0

[Event "Gausdal Int"]
[Site "Gausdal"]
[Date "1994.??.??"]
[Round "9"]
[White "Fyllingen, Roy Harald"]
[Black "Ciemniak, Robert"]
[Result "1-0"]
[WhiteElo "2335"]
[BlackElo "2435"]
[PlyCount "151"]
[EventDate "1994.07.??"]
[EventType "swiss"]
[EventRounds "9"]
[EventCountry "NOR"]
[SourceTitle "EXT 1997"]
[Source "ChessBase"]
[SourceDate "1996.11.15"]
[SourceVersion "1"]
[SourceVersionDate "1996.11.15"]
[SourceQuality "1"]

1. d4 Nf6 2. c4 c5 3. d5 g6 4. Nc3 d6 5. e4 Bg7 6. Nge2 0-0 7. Ng3 e6 8. Be2 exd5 9. exd5 a6 10. a4 Nbd7 11. 0-0 Ne8 12. Be3 h6 13. Qd2 Qh4 14. f4 f5 15. Bf2 Qd8 16. Bd3 Ndf6 17. h3 Bd7 18. a5 Rb8 19. Na4 Bxa4 20. Rxa4 Rf7 21. b4 Nd7 22. Re1 Re7 23. Ra2 Nef6 24. Re6 Rxe6 25. dxe6 Nf8 26. Qe1 Qe7 27. Re2 Re8 28. Kh1 cxb4 29. Bb6 N6h7 30. Qxb4 Nxe6 31. c5 d5 32. Qa4 Rc8 33. Qb4 Nhf8 34. Bc2 Qh4 35. Bb3 Qxg3 36. Bxd5 Re8 37. Qc4 Qc3 38. Qxc3 Bxc3 39. Bxb7 Kf7 40. c6 Re7 41. Rc2 Bb4 42. c7 Nxc7 43. Rxc7 Rxc7 44. Bxc7 Ne6 45. Bb6 Nc5 46. Bxc5 Bxc5 47. Bxa6 g5 48. g3 gxf4 49. gxf4 Ke7 50. Bd3 Be3 51. a6 Ke6 52. Kg2 Ba7 53. Kf3 Bb6 54. Kg3 Kf6 55. Bc4 Ba7 56. Bb5 Bb6 57. Kh4 Kg6 58. Be8+ Kg7 59. Kh5 Be3 60. Bd7 Kf6 61. Bc8 Kg7 62. Bxf5 Kf6 63. Bc8 Kg7 64. Bb7 Ba7 65. Be4 Be3 66. Bd3 Kf6 67. Kg4 Ba7 68. Kf3 Bg1 69. Ke4 Ke6 70. Bc4+ Kf6 71. Bd3 Ke6 72. f5+ Kd6 73. Bc4 Ke7 74. Ke5 Bf2 75. f6+ Kf8 76. Kd6 1-0

[Event "Gausdal Int"]
[Site "Gausdal"]
[Date "1994.??.??"]
[Round "5"]
[White "Gausel, Einar"]
[Black "Ciemniak, Robert"]
[Result "1-0"]
[WhiteElo "2505"]
[BlackElo "2435"]
[PlyCount "82"]
[EventDate "1994.07.??"]
[EventType "swiss"]
[EventRounds "9"]
[EventCountry "NOR"]
[SourceTitle "EXT 1997"]
[Source "ChessBase"]
[SourceDate "1996.11.15"]
[SourceVersion "1"]
[SourceVersionDate "1996.11.15"]
[SourceQuality "1"]

1. c4 Nf6 2. Nc3 c5 3. g3 d5 4. cxd5 Nxd5 5. Bg2 Nc7 6. Nf3 Nc6 7. d3 e5 8. Nd2 Bd7 9. 0-0 Be7 10. a4 0-0 11. Nc4 f6 12. b3 Be6 13. Ra2 Nd5 14. Nxd5 Bxd5 15. Bxd5+ Qxd5 16. e4 Qd7 17. Ne3 Rfd8 18. Rd2 Rac8 19. Bb2 c4 20. Nd5 cxb3 21. Qxb3 Kh8 22. f4 Bc5+ 23. Kh1 b6 24. Rg2 Qd6 25. g4 Rf8 26. Rg3 Ne7 27. Nxe7 Qxe7 28. Rgf3 Qd6 29. g5 Bd4 30. gxf6 gxf6 31. Ba3 Bc5 32. Bxc5 Rxc5 33. fxe5 Qxe5 34. Rg3 Rc6 35. Rfg1 Qe6 36. Qd1 Rcc8 37. Rg7 Qh3 38. R7g3 Qh6 39. Qg4 Qg5 40. Qh3 Qd2 41. Rg7 h6 1-0

[Event "POL-chT 50th"]
[Site "Lubniewice"]
[Date "1994.??.??"]
[Round "9"]
[White "Oliwa, Marek"]
[Black "Ciemniak, Robert"]
[Result "1-0"]
[WhiteElo "2380"]
[BlackElo "2435"]
[PlyCount "63"]
[EventDate "1994.09.22"]
[EventType "team-tourn"]
[EventRounds "11"]
[EventCountry "POL"]
[SourceTitle "EXT 2019"]
[Source "ChessBase"]
[SourceDate "2018.10.10"]
[SourceVersion "1"]
[SourceVersionDate "2018.10.10"]
[SourceQuality "1"]
[WhiteTeam "Jasien LKS ZPD"]
[BlackTeam "Zabrze Gornik"]
[WhiteTeamCountry "POL"]
[BlackTeamCountry "POL"]

1. c4 Nf6 2. Nc3 c5 3. g3 Nc6 4. Bg2 g6 5. e3 d6 6. Nge2 Bd7 7. d4 Bg7 8. 0-0 Qc8 9. Re1 0-0 10. b3 Bh3 11. Bh1 h5 12. Bb2 h4 13. Qd2 hxg3 14. hxg3 Bg4 15. Nf4 Nh5 16. dxc5 dxc5 17. Ncd5 Nxf4 18. exf4 Be6 19. Bxg7 Kxg7 20. Qe3 Rh8 21. Bg2 Bh3 22. Nxe7 Nxe7 23. Qxe7 Bxg2 24. Qe5+ Kg8 25. Kxg2 Rh5 26. Qe7 b6 27. Rad1 Qc6+ 28. f3 Rf5 29. Rd6 Qc8 30. Red1 Kg7 31. Rd8 Qc6 32. Qf8+ 1-0

[Event "POL-ch sf"]
[Site "Nadole"]
[Date "1994.??.??"]
[Round "8"]
[White "Struk, Jerzy"]
[Black "Ciemniak, Robert"]
[Result "0-1"]
[WhiteElo "2150"]
[BlackElo "2435"]
[PlyCount "80"]
[EventDate "1994.??.??"]
[EventType "swiss"]
[EventRounds "11"]
[EventCountry "POL"]
[SourceTitle "EXT 2001"]
[Source "ChessBase"]
[SourceDate "2000.11.22"]
[SourceVersion "1"]
[SourceVersionDate "2000.11.22"]
[SourceQuality "1"]

1. e4 c5 2. Nf3 Nc6 3. d4 cxd4 4. Nxd4 Nf6 5. Nc3 e5 6. Ndb5 d6 7. Bg5 a6 8. Na3 b5 9. Bxf6 gxf6 10. Nd5 f5 11. c3 Bg7 12. Bd3 Be6 13. Qh5 0-0 14. exf5 Bxd5 15. f6 e4 16. fxg7 Re8 17. Be2 Re5 18. Qh6 Qg5 19. Qxg5 Rxg5 20. Nc2 Kxg7 21. Ne3 Be6 22. f4 Rc5 23. 0-0 f6 24. Rfd1 d5 25. a3 Rd8 26. Rac1 Ne7 27. Nc2 Bf7 28. Nd4 Rdc8 29. Kf2 h5 30. h4 f5 31. Ke3 Kf6 32. g3 Be8 33. Rd2 Ra8 34. Nb3 Rc7 35. Na5 Bf7 36. Bd1 Rg8 37. Rg2 d4+ 38. Kxd4 Nd5 39. Bb3 Nxf4 40. Bxf7 Rd8+ 0-1

[Event "Katowice Fibak op"]
[Site "Katowice"]
[Date "1993.??.??"]
[Round "1"]
[White "Ciemniak, Robert"]
[Black "Cichecki, Horst"]
[Result "1-0"]
[WhiteElo "2440"]
[BlackElo "2045"]
[PlyCount "73"]
[EventDate "1993.01.??"]
[EventType "swiss"]
[EventRounds "9"]
[EventCountry "POL"]
[SourceTitle "EXT 1998"]
[Source "ChessBase"]
[SourceDate "1997.11.17"]
[SourceVersion "1"]
[SourceVersionDate "1997.11.17"]
[SourceQuality "1"]

1. e4 c5 2. Nf3 d6 3. d4 cxd4 4. Nxd4 Nf6 5. Nc3 a6 6. Bc4 e6 7. Bb3 Be7 8. 0-0 0-0 9. f4 Qc7 10. f5 e5 11. Nde2 b6 12. Nd5 Nxd5 13. Bxd5 Bb7 14. Nc3 Nd7 15. Bxb7 Qxb7 16. Be3 Nf6 17. Bg5 Rac8 18. Bxf6 Bxf6 19. Nd5 Rc4 20. Rf3 Rd8 21. Qe2 b5 22. c3 a5 23. b3 Rc6 24. Rh3 h6 25. Rg3 Kf8 26. Qg4 Qc8 27. Rd1 Ke8 28. h3 Qb7 29. Kh2 Qc8 30. c4 bxc4 31. bxc4 a4 32. Nxf6+ gxf6 33. Qg7 Ke7 34. Rd5 Rc5 35. Rg6 Rxd5 36. Qxf6+ Kd7 37. Qxf7+ 1-0

[Event "POL-chT 49th"]
[Site "Lubniewice"]
[Date "1993.??.??"]
[Round "9"]
[White "Ciemniak, Robert"]
[Black "Matlak, Marek"]
[Result "1/2-1/2"]
[WhiteElo "2415"]
[BlackElo "2430"]
[PlyCount "34"]
[EventDate "1993.09.23"]
[EventType "team-tourn"]
[EventRounds "11"]
[EventCountry "POL"]
[SourceTitle "EXT 2019"]
[Source "ChessBase"]
[SourceDate "2018.10.10"]
[SourceVersion "1"]
[SourceVersionDate "2018.10.10"]
[SourceQuality "1"]
[WhiteTeam "Bydgoszcz Chemik"]
[BlackTeam "Bielsko-Biala Wlokniarz"]
[WhiteTeamCountry "POL"]
[BlackTeamCountry "POL"]

1. e4 Nf6 2. e5 Nd5 3. d4 d6 4. c4 Nb6 5. exd6 exd6 6. Nc3 Be7 7. h3 Nc6 8. Nf3 Bf5 9. d5 Ne5 10. Nd4 Bd7 11. b3 0-0 12. Be2 c5 13. dxc6 bxc6 14. 0-0 Re8 15. Be3 Bf8 16. Qd2 Ng6 17. Rfd1 Qc7 1/2-1/2

[Event "POL-ch 50th"]
[Site "Czestochowa"]
[Date "1993.??.??"]
[Round "7"]
[White "Ciemniak, Robert"]
[Black "Pinkas, Karol"]
[Result "1/2-1/2"]
[WhiteElo "2440"]
[BlackElo "2355"]
[PlyCount "93"]
[EventDate "1993.04.17"]
[EventType "tourn"]
[EventRounds "13"]
[EventCountry "POL"]
[EventCategory "7"]
[SourceTitle "CBM 035 Extra"]
[Source "ChessBase"]
[SourceDate "1993.09.01"]
[SourceVersion "1"]
[SourceVersionDate "1993.09.01"]
[SourceQuality "1"]

1. e4 e5 2. Nf3 Nc6 3. Bb5 a6 4. Ba4 Bc5 5. 0-0 Nf6 6. c3 Ba7 7. d4 Nxe4 8. dxe5 d5 9. exd6 0-0 10. dxc7 Qxc7 11. Bc2 Re8 12. Nbd2 Nf6 13. Nc4 Rd8 14. Qe2 Bg4 15. Bg5 Re8 16. Ne3 Ne5 17. Bf4 Bxf3 18. gxf3 Qc6 19. Kg2 Nh5 20. Bg3 Ng6 21. Bxg6 Qxg6 22. Qc4 Bxe3 23. fxe3 Rxe3 24. Rae1 b5 25. Qd4 Rd3 26. Qe4 Rd2+ 27. Rf2 Rxf2+ 28. Kxf2 Qxe4 29. Rxe4 f5 30. Re7 f4 31. Bh4 h6 32. Ke2 Kf8 33. Re5 Re8 34. Rxe8+ Kxe8 35. Kd3 Kd7 36. c4 g5 37. Be1 bxc4+ 38. Kxc4 Ng7 39. b4 Kd6 40. Kd4 Nf5+ 41. Ke4 Ne3 42. Bc3 Nf1 43. h3 Ng3+ 44. Kd3 Kd5 45. Be1 Nf5 46. Bf2 Ne7 47. Bd4 1/2-1/2